000 00962nam a2200205Ia 4500
003 OSt
005 20241120132708.0
007 ca aa aaaaa
008 201103s9999 xx 000 0 und d
040 _cSSBUL
041 _abur
082 _223
_a၂၉၄.၃၇၂ ရွှေ
_b၉၃၀၁ S-SAT
100 0 _aရွှေဟင်္သာဆရာတော်ဘုရားကြီး။
245 1 0 _aအမေရိကန်ခရီးသွားမှတ်တမ်း /
_cရွှေဟင်္သာဆရာတော်ဘုရားကြီး။
260 _aရန်ကုန် ၊
_bရွှေစင်ပုံနှိပ်တိုက် ၊
_c၁၉၉၃။
300 _aင၊ ၁၆၂ စာမျက်နှာ ၊
_bဓါတ်ပုံများ ၊
_c၂၈ စင်တီ။
500 _aS-SAT: Dr. Sai Aung Tun
650 _aဗုဒ္ဓဘာသာ
_vခရီးသွား
_955375
942 _2ddc
_cBK1
999 _c16822
_d16822